[Event "FICGS rapid B 000179 email"]
[Site "FICGS email"]
[Date "2011.03.13"]
[Round "1"]
[White "Chang, Henk"]
[Black "Solino Nebot, Leonardo"]
[Result "0-1"]
[WhiteElo "1800"]
[BlackElo "1861"]
[PlyCount "82"]
[EventDate "2011.??.??"]
[EventType "tourn (rapid)"]
[EventRounds "6"]
[SourceTitle "Corr 2013"]
[Source "ChessBase"]
[SourceDate "2012.11.12"]
[SourceVersion "1"]
[SourceVersionDate "2012.11.12"]
[SourceQuality "1"]

1. e4 e5 2. f4 exf4 3. Nf3 g5 4. h4 g4 5. Ne5 Nf6 6. Nxg4 Nxe4 7. d3 Ng3 8. Bxf4 Nxh1 9. Qe2+ Qe7 10. Nf6+ Kd8 11. Bxc7+ Kxc7 12. Nd5+ Kd8 13. Nxe7 Bxe7 14. Qg4 d6 15. Qg7 Bxh4+ 16. Kd2 Re8 17. Na3 Ng3 18. Qxh7 Bg5+ 19. Kc3 Be6 20. Qg7 Bh4 21. Qh6 Nf5 22. Qh5 Nd7 23. Be2 Nf6 24. Qf3 Bg5 25. Qxb7 Nd5+ 26. Kb3 Nd4+ 27. Kc4 Nf4+ 28. Kb4 a5+ 29. Ka4 Bd7+ 30. Nb5 Bxb5+ 31. Ka3 Nxc2+ 32. Kb3 Nxa1+ 33. Ka3 Nc2+ 34. Kb3 Nd4+ 35. Ka3 Nfxe2 36. Qxa8+ Kc7 37. Qa7+ Kc6 38. Qxf7 Rc8 39. Qg6 Nc2+ 40. Kb3 Ned4+ 41. Kc3 Kd5# 0-1

[Event "FICGS class B 000141 email"]
[Site "FICGS email"]
[Date "2011.03.13"]
[Round "1"]
[White "Solino Nebot, Leonardo"]
[Black "Ezhov, Sergey"]
[Result "1-0"]
[WhiteElo "1861"]
[BlackElo "1800"]
[PlyCount "27"]
[EventDate "2011.??.??"]
[EventType "tourn (corr)"]
[EventRounds "6"]
[SourceTitle "Corr 2013"]
[Source "ChessBase"]
[SourceDate "2012.11.12"]
[SourceVersion "1"]
[SourceVersionDate "2012.11.12"]
[SourceQuality "1"]

1. d4 Nf6 2. Nf3 d5 3. c4 g6 4. Nc3 Bg7 5. Qb3 0-0 6. cxd5 Re8 7. e4 c6 8. dxc6 Nxc6 9. d5 Nb8 10. Bc4 Bg4 11. Bg5 Bxf3 12. gxf3 Nbd7 13. f4 b6 14. 0-0-0 1-0

[Event "FICGS class B 000141 email"]
[Site "FICGS email"]
[Date "2011.03.13"]
[Round "1"]
[White "Solino Nebot, Leonardo"]
[Black "Friend, Reuben"]
[Result "1-0"]
[WhiteElo "1861"]
[BlackElo "1931"]
[PlyCount "35"]
[EventDate "2011.??.??"]
[EventType "tourn (corr)"]
[EventRounds "6"]
[SourceTitle "Corr 2013"]
[Source "ChessBase"]
[SourceDate "2012.11.12"]
[SourceVersion "1"]
[SourceVersionDate "2012.11.12"]
[SourceQuality "1"]

1. e4 c6 2. d4 g6 3. Nc3 d5 4. e5 Nh6 5. f4 Bg7 6. Nf3 Bg4 7. h3 Bxf3 8. Qxf3 f6 9. g4 fxe5 10. dxe5 0-0 11. Qg3 Qb6 12. Bd2 Qxb2 13. Rb1 Qa3 14. Rxb7 e6 15. Qe3 Qa5 16. Ne4 Qxa2 17. Ng5 Qa1+ 18. Kf2 1-0

[Event "FICGS theme 0001 email"]
[Site "FICGS email"]
[Date "2010.09.18"]
[Round "1"]
[White "Parmet, Daniel Edward"]
[Black "Solino Nebot, Leonardo"]
[Result "1-0"]
[WhiteElo "1983"]
[BlackElo "1723"]
[PlyCount "81"]
[EventDate "2010.??.??"]
[EventType "swiss (corr)"]
[EventRounds "1"]
[SourceTitle "Corr 2013"]
[Source "ChessBase"]
[SourceDate "2012.11.12"]
[SourceVersion "1"]
[SourceVersionDate "2012.11.12"]
[SourceQuality "1"]

1. e4 e5 2. Nf3 Nc6 3. Bb5 Nf6 4. 0-0 Nxe4 5. d4 Nd6 6. Bxc6 dxc6 7. dxe5 Nf5 8. Qxd8+ Kxd8 9. Nc3 Be6 10. Ng5 Ke7 11. f4 Bc4 12. Rf2 f6 13. Nf3 Kf7 14. b3 Bd5 15. Nxd5 cxd5 16. g4 Nh6 17. Rd2 c6 18. h3 Bc5+ 19. Kg2 Rhe8 20. Re2 Kf8 21. Bb2 Nf7 22. e6 Nd6 23. f5 a5 24. Ne1 Ne4 25. c4 Red8 26. cxd5 Rxd5 27. Rxe4 Rd2+ 28. Kh1 Rxb2 29. Nd3 Rc2 30. Nxc5 Rxc5 31. Rd4 g6 32. Rd7 gxf5 33. Rf7+ Ke8 34. g5 fxg5 35. Re1 a4 36. Rxh7 axb3 37. Rh8+ Ke7 38. Rxa8 b2 39. Ra7 Rb5 40. Rb1 Kxe6 41. Ra3 1-0

[Event "FICGS theme 0001 email"]
[Site "FICGS email"]
[Date "2010.09.18"]
[Round "1"]
[White "Solino Nebot, Leonardo"]
[Black "Hase, Pavel"]
[Result "0-1"]
[WhiteElo "1723"]
[BlackElo "2176"]
[PlyCount "52"]
[EventDate "2010.??.??"]
[EventType "swiss (corr)"]
[EventRounds "1"]
[SourceTitle "Corr 2013"]
[Source "ChessBase"]
[SourceDate "2012.11.12"]
[SourceVersion "1"]
[SourceVersionDate "2012.11.12"]
[SourceQuality "1"]

1. f4 d5 2. Nf3 c5 3. c4 d4 4. b4 cxb4 5. a3 e6 6. axb4 Bxb4 7. Bb2 Nc6 8. e3 e5 9. Qb3 Nh6 10. Nxe5 dxe3 11. Qxe3 0-0 12. Be2 Re8 13. Qf2 Bg4 14. 0-0 Bxe2 15. Qxe2 f6 16. Nxc6 Rxe2 17. Nxd8 Rxd8 18. Kh1 a5 19. Bc3 Rc8 20. Na3 Ng4 21. Kg1 Bc5+ 22. d4 Bxa3 23. Rxa3 Ne3 24. Rf2 Rxf2 25. Kxf2 Nxc4 26. Ra1 b5 0-1

[Event "FICGS theme 0001 email"]
[Site "FICGS email"]
[Date "2010.09.18"]
[Round "1"]
[White "Solino Nebot, Leonardo"]
[Black "Ropokis, Dimitrios"]
[Result "1/2-1/2"]
[WhiteElo "1850"]
[BlackElo "1800"]
[PlyCount "79"]
[EventDate "2010.??.??"]
[EventType "swiss (corr)"]
[EventRounds "1"]
[SourceTitle "Corr 2013"]
[Source "ChessBase"]
[SourceDate "2012.11.12"]
[SourceVersion "1"]
[SourceVersionDate "2012.11.12"]
[SourceQuality "1"]

1. d4 d5 2. c4 Nc6 3. Nf3 e6 4. Nc3 Nf6 5. Bg5 dxc4 6. e3 Be7 7. Bxc4 h6 8. Bh4 a6 9. 0-0 0-0 10. Rc1 b5 11. Bd3 Nb4 12. Bb1 Bb7 13. a3 Nbd5 14. Nxd5 Nxd5 15. Qc2 f5 16. Bxe7 Qxe7 17. Ne5 Qd6 18. Nd3 Rac8 19. Nc5 Ba8 20. Ba2 Rf6 21. Rfe1 Ne7 22. f3 Bd5 23. Bxd5 exd5 24. Nd3 Ng6 25. Qb3 Ne7 26. Rc5 c6 27. Qc3 Re6 28. Nf4 Rf6 29. Rc1 Qd7 30. Nd3 Re6 31. Qe1 Ng6 32. R5c3 Qa7 33. Nc5 Rf6 34. b4 Re8 35. Qf2 a5 36. g3 a4 37. Nd3 Qe7 38. Ne1 Re6 39. Ng2 Qf6 40. Kf1 1/2-1/2

[Event "FICGS theme 0001 email"]
[Site "FICGS email"]
[Date "2010.09.18"]
[Round "1"]
[White "Solino Nebot, Leonardo"]
[Black "Tuluoglu, Utku"]
[Result "1-0"]
[WhiteElo "1850"]
[BlackElo "1626"]
[PlyCount "47"]
[EventDate "2010.??.??"]
[EventType "swiss (corr)"]
[EventRounds "1"]
[SourceTitle "Corr 2013"]
[Source "ChessBase"]
[SourceDate "2012.11.12"]
[SourceVersion "1"]
[SourceVersionDate "2012.11.12"]
[SourceQuality "1"]

1. d4 d5 2. c4 Nc6 3. Nf3 Bg4 4. cxd5 Bxf3 5. gxf3 Qxd5 6. e3 e5 7. Nc3 Qd7 8. d5 Nce7 9. e4 c6 10. f4 Ng6 11. f5 N6e7 12. f4 exf4 13. Bxf4 g6 14. Qd4 f6 15. 0-0-0 gxf5 16. Qe3 a6 17. d6 Nc8 18. exf5+ Kd8 19. Ne4 Qxf5 20. d7 Qa5 21. dxc8Q+ Kxc8 22. Nxf6 Qc5+ 23. Qxc5 Bxc5 24. Bh3# 1-0

[Event "FICGS rapid B 000155 email"]
[Site "FICGS email"]
[Date "2010.07.13"]
[Round "1"]
[White "Sternik, Ryszard"]
[Black "Solino Nebot, Leonardo"]
[Result "1/2-1/2"]
[WhiteElo "1723"]
[BlackElo "1850"]
[PlyCount "55"]
[EventDate "2010.??.??"]
[EventType "tourn (rapid)"]
[EventRounds "4"]
[SourceTitle "Corr 2013"]
[Source "ChessBase"]
[SourceDate "2012.11.12"]
[SourceVersion "1"]
[SourceVersionDate "2012.11.12"]
[SourceQuality "1"]

1. e4 c5 2. Nf3 d6 3. d4 Nf6 4. Nc3 cxd4 5. Nxd4 a6 6. Be2 e5 7. Nb3 Be7 8. 0-0 0-0 9. Kh1 b6 10. Be3 Bb7 11. f3 b5 12. a4 b4 13. Nd5 Nxd5 14. exd5 Nd7 15. a5 Bg5 16. f4 exf4 17. Bxf4 Bxf4 18. Rxf4 Qg5 19. Rxb4 Bxd5 20. Rg4 Qe5 21. Nd4 Nf6 22. Rg3 Rab8 23. Bxa6 Rxb2 24. Bd3 Be4 25. Qg1 Ra8 26. a6 Bxd3 27. cxd3 h5 28. Re1 1/2-1/2

[Event "FICGS class C 000135 email"]
[Site "FICGS email"]
[Date "2010.01.21"]
[Round "1"]
[White "Solino Nebot, Leonardo"]
[Black "Bullerkotte, Frank"]
[Result "0-1"]
[WhiteElo "1723"]
[BlackElo "1675"]
[PlyCount "74"]
[EventDate "2010.??.??"]
[EventType "tourn (corr)"]
[EventRounds "3"]
[SourceTitle "Corr 2013"]
[Source "ChessBase"]
[SourceDate "2012.11.12"]
[SourceVersion "1"]
[SourceVersionDate "2012.11.12"]
[SourceQuality "1"]

1. e4 e5 2. Nf3 Nf6 3. d4 Nxe4 4. Bd3 d5 5. Nxe5 Nd7 6. Nxd7 Bxd7 7. 0-0 Bd6 8. c4 c6 9. cxd5 cxd5 10. Qh5 0-0 11. Qxd5 Bc6 12. Qh5 g6 13. Qh3 Ng5 14. Qg4 Ne6 15. Bh6 Re8 16. Nc3 Nxd4 17. Rad1 Be5 18. f4 f5 19. Qg3 Bf6 20. Bc4+ Kh8 21. Bg5 Bxg5 22. fxg5 Qb6 23. Kh1 Qxb2 24. Nd5 Rac8 25. Qh3 Re5 26. Qg3 Ne2 27. Qf2 Re4 28. Bb3 Qe5 29. Rd3 Bb5 30. Re3 Rxe3 31. Nxe3 Qc5 32. Ba4 Bxa4 33. Qxe2 Re8 34. Qb2+ Kg8 35. Nd1 Qc4 36. Rg1 Bc6 37. Qd2 f4 0-1

[Event "FICGS rapid B 000138 email"]
[Site "FICGS email"]
[Date "2010.01.12"]
[Round "1"]
[White "Koenig, Paul"]
[Black "Solino Nebot, Leonardo"]
[Result "0-1"]
[WhiteElo "1893"]
[BlackElo "1723"]
[PlyCount "36"]
[EventDate "2010.??.??"]
[EventType "tourn (rapid)"]
[EventRounds "6"]
[SourceTitle "Corr 2013"]
[Source "ChessBase"]
[SourceDate "2012.11.12"]
[SourceVersion "1"]
[SourceVersionDate "2012.11.12"]
[SourceQuality "1"]

1. e4 c5 2. f4 g6 3. Nf3 Bg7 4. Bc4 Nc6 5. 0-0 e6 6. Be2 Nge7 7. c3 d5 8. d3 0-0 9. Na3 Rb8 10. Nc2 b6 11. e5 Bb7 12. d4 Rc8 13. Be3 Qc7 14. Bf2 a6 15. Rc1 f6 16. Qd3 Nf5 17. g4 fxe5 18. fxe5 Nh6 0-1

[Event "FICGS rapid B 000138 email"]
[Site "FICGS email"]
[Date "2010.01.12"]
[Round "1"]
[White "Satonnet, Patrick"]
[Black "Solino Nebot, Leonardo"]
[Result "0-1"]
[WhiteElo "1722"]
[BlackElo "1723"]
[PlyCount "34"]
[EventDate "2010.??.??"]
[EventType "tourn (rapid)"]
[EventRounds "6"]
[SourceTitle "Corr 2013"]
[Source "ChessBase"]
[SourceDate "2012.11.12"]
[SourceVersion "1"]
[SourceVersionDate "2012.11.12"]
[SourceQuality "1"]

1. e4 c5 2. f4 g6 3. Nf3 Bg7 4. g3 Nc6 5. Bg2 d6 6. 0-0 Nf6 7. d3 0-0 8. c3 Bg4 9. h3 Bxf3 10. Qxf3 Rc8 11. Be3 Nd7 12. a4 Qc7 13. Nd2 a6 14. Qe2 Rb8 15. Nf3 e6 16. h4 Rbe8 17. g4 f5 0-1

[Event "FICGS class C 000133 email"]
[Site "FICGS email"]
[Date "2010.01.10"]
[Round "1"]
[White "Payzansky, Aleksey"]
[Black "Solino Nebot, Leonardo"]
[Result "1/2-1/2"]
[WhiteElo "1799"]
[BlackElo "1723"]
[PlyCount "120"]
[EventDate "2010.??.??"]
[EventType "tourn (corr)"]
[EventRounds "1"]
[SourceTitle "Corr 2013"]
[Source "ChessBase"]
[SourceDate "2012.11.12"]
[SourceVersion "1"]
[SourceVersionDate "2012.11.12"]
[SourceQuality "1"]

1. e4 c5 2. Nf3 g6 3. d4 cxd4 4. Nxd4 Nc6 5. Nc3 Bg7 6. Be3 Nf6 7. Bc4 0-0 8. Qd2 Ng4 9. Nxc6 bxc6 10. Bd4 Bxd4 11. Qxd4 Qb6 12. Qxb6 axb6 13. Be2 d6 14. h3 Nf6 15. 0-0 g5 16. f4 gxf4 17. Rxf4 b5 18. b3 Ra3 19. g4 Be6 20. Kh2 Rfa8 21. Rd1 b4 22. e5 bxc3 23. exf6 Rxa2 24. Bd3 exf6 25. Kg3 Ra1 26. Rxa1 Rxa1 27. Rxf6 Kg7 28. Rf3 d5 29. Kf4 Re1 30. Rf1 Rxf1+ 31. Bxf1 h5 32. b4 hxg4 33. hxg4 f6 34. b5 cxb5 35. Bxb5 Kh6 36. Ba4 Bg8 37. Kf5 Kg7 38. Kf4 Kg6 39. Bd7 Bh7 40. Be6 Kh6 41. Ke3 Bxc2 42. Kd4 Be4 43. Kxc3 Kg5 44. Kd4 Kf4 45. Bd7 Bg2 46. Bc8 Be4 47. Bd7 Bh1 48. Bf5 Bf3 49. Be6 Kg3 50. Kc5 Bxg4 51. Kxd5 Kh4 52. Bf7 f5 53. Ke5 Kg3 54. Bd5 f4 55. Kf6 Bf3 56. Bc4 Kf2 57. Ke5 Ke3 58. Bb5 Ba8 59. Be2 Bc6 60. Bg4 Bf3 1/2-1/2